| 000 | 01048nam a2200277Ia 4500 | ||
|---|---|---|---|
| 003 | OSt | ||
| 005 | 20221005070135.0 | ||
| 006 | a|||||r|||| 00| 0 | ||
| 007 | ta | ||
| 008 | 221004b |||||||| |||| 00| 0 eng d | ||
| 020 |
_a9783598242809 (hbk) _c5285.27 |
||
| 024 | _a91572 | ||
| 037 |
_b2659, 10/02/2009, Allied Publishers Pvt. Ltd. _cTextual |
||
| 040 |
_aCRL _cCRL _beng |
||
| 041 |
_2eng _aeng |
||
| 082 | _a2:55, P7 (2D) | ||
| 110 |
_aRecommended by the ISBD review group; Standing committee of the IFLA Cataloguing section _9605383 |
||
| 245 | 0 | _aInternational standard bibliographic description (ISBD) | |
| 250 | _aPrelimunary consolidated | ||
| 260 |
_aMunchen _bK.G. Saur Germany _c2007 |
||
| 490 | _aIFLA series on bibliographic control; Vol. 31 | ||
| 650 | _aLIBRARY SCIENCE | ||
| 700 |
_aRecommended by the ISBD review group; Standing committee of the IFLA Cataloguing section _9605384 |
||
| 942 |
_h2:55, P7 (2D) _cTEXL _2cc |
||
| 999 |
_c975759 _d975759 |
||